Ispoľzovanije principov logistiki v turističeskich klasterach

Definícia logistiky. Analógia medzi materiálovým tokom a "tokom" turistov. Turistické centrá a turistické klastre. Definícia klastra podľa M. Portera.

Gespeichert in:
Bibliographische Detailangaben
1. Verfasser: Péliová, Jana, 1976-
Weitere Verfasser: Nestorenko, A. V.
Format: Buchkapitel
Sprache:Russisch
Schlagworte:
Tags: Tag hinzufügen
Keine Tags, Fügen Sie das erste Tag hinzu!

MARC

LEADER 00000naa$a2200000$$$4500
001 0176907
005 20240502083418.8
041 0 |a rus 
044 |a UA 
245 1 0 |a Ispoľzovanije principov logistiki v turističeskich klasterach  |c Jana Péliová, A. V. Nestorenko 
520 |a Definícia logistiky. Analógia medzi materiálovým tokom a "tokom" turistov. Turistické centrá a turistické klastre. Definícia klastra podľa M. Portera. 
610 2 0 |a ruch cestovný 
610 2 0 |a klaster 
610 2 0 |a logistika 
100 1 |a Péliová, Jana, 1976- 
700 1 |a Nestorenko, A. V.